«Педагогическая мастерская»: профессиональная доподготовка преподавателей в образовательных организациях, осуществляющих подготовку кадров в интересах обеспечения законности и правопорядка (на примере вузов МВД России и ФСИН России) Учебное пособие
В пособии представлена система личностно-ориентированной профессиональной доподготовки профессорско-преподавательского состава «Педагогическая мастерская» направленная на повышение эффективности существующей системы подготовленности педагогов в вузах МВД России и ФСИН России....
Tallennettuna:
| Päätekijä: | |
|---|---|
| Aineistotyyppi: | Учебное пособие |
| Linkit: | https://znanium.com/catalog/document?id=427454 https://znanium.com/cover/2016/2016192.jpg |
| Tagit: |
Lisää tagi
Ei tageja, Lisää ensimmäinen tagi!
|
| LEADER | 02975nam0a2200325 i 4500 | ||
|---|---|---|---|
| 001 | RU\infra-m\znanium\bibl\2016192 | ||
| 003 | https://znanium.com/catalog/document?id=427454 | ||
| 005 | 20230313000000.0 | ||
| 010 | |a 978-5-91612-373-9 | ||
| 100 | |a 20230313d2023 m y0rusy0150 ca | ||
| 101 | 0 | |a rus | |
| 102 | |a RU | ||
| 200 | 1 | |a «Педагогическая мастерская»: профессиональная доподготовка преподавателей в образовательных организациях, осуществляющих подготовку кадров в интересах обеспечения законности и правопорядка (на примере вузов МВД России и ФСИН России) |e Учебное пособие |g Государственный университет морского и речного флота им. адмирала С.О. Макарова | |
| 210 | 1 | |a Самара |c Самарский юридический институт ФСИН России |d 2022 | |
| 215 | |a 380 с. | ||
| 330 | |a В пособии представлена система личностно-ориентированной профессиональной доподготовки профессорско-преподавательского состава «Педагогическая мастерская» направленная на повышение эффективности существующей системы подготовленности педагогов в вузах МВД России и ФСИН России. | ||
| 333 | |a ВО - Бакалавриат | ||
| 606 | |a Педагогика. Образование |x Высшее образование |2 local | ||
| 608 | |a Учебное пособие |2 local | ||
| 675 | |a 378 |z rus | ||
| 686 | |a 744 |2 rubbk | ||
| 686 | |a 40.03.01 |2 okso | ||
| 686 | |a 44.03.01 |2 okso | ||
| 700 | 1 | |a Биочинский |b И.В. |g Игорь Викторович | |
| 701 | 1 | |a Кочин |b А.А. |g Андрей Анатольевич |p Государственный университет морского и речного флота им. адмирала С.О. Макарова | |
| 702 | 1 | |a Вотинов |b А.А. |g Александр Андреевич |p Самарский юридический институт Федеральной службы исполнения наказаний |r Под ред. | |
| 712 | 0 | 2 | |a Государственный университет морского и речного флота им. адмирала С.О. Макарова |
| 801 | 0 | |a RU |b Общество с ограниченной ответственностью «ЗНАНИУМ» |c 20230310 |2 rusmarc | |
| 856 | 4 | |a znanium.com |m ebs_support@infra-m.ru |n НИЦ ИНФРА-М |u https://znanium.com/catalog/document?id=427454 | |
| 856 | 4 | 1 | |a znanium.com |d /cover/2016 |f 2016192.jpg |q image/jpeg |u https://znanium.com/cover/2016/2016192.jpg |